Top 50 FIFA mens world rankings - Statistics

General Stats
  • This quiz has been taken 105 times
  • The average score is 44 of 50
Answer Stats
Hint Answer % Correct
South America Argentina
99%
Europe Belgium
99%
South America Brazil
99%
Europe France
99%
Europe England
96%
Europe Poland
96%
Europe Spain
96%
Europe Germany
95%
Europe Italy
95%
Europe Netherlands
95%
Europe Croatia
93%
North/Central America Mexico
93%
Europe Portugal
93%
Europe Sweden
93%
North/Central America USA
93%
Oceania Australia
92%
South America Colombia
92%
Europe Denmark
92%
Europe Austria
91%
South America Chile
91%
Europe/Asia Russia
91%
Europe Switzerland
91%
South America Uruguay
91%
Africa Egypt
89%
Asia Japan
89%
Europe/Asia Turkey
89%
Europe Ukraine
88%
Africa Cameroon
87%
North/Central America Canada
87%
Europe Hungary
87%
Europe Ireland
87%
South America Peru
87%
Europe Scotland
87%
Asia South Korea
87%
Europe Wales
87%
Africa Nigeria
85%
Europe Norway
85%
Europe Slovakia
84%
Asia Iran
83%
Africa Morocco
83%
South America Paraguay
83%
Africa Senegal
83%
Europe Serbia
83%
Europe Czech Republic
81%
North/Central America Costa Rica
80%
Europe Romania
80%
Asia Saudi Arabia
79%
South America Ecuador
77%
Africa Algeria
76%
Africa Tunisia
71%
No matching quizzes found
Score Distribution
Percent of People with Each Score
Percentile by Number Answered
Your Score History
You have not taken this quiz